Sevilla players (2010-2020) - Statistics

General Stats
  • This quiz has been taken 9 times
  • The average score is 86 of 200
Answer Stats
Rank Player Positions Nationality Matches Goals (assists) Period % Correct
10 Daniel Carriço CB 111 5 (2) 2013-2020
100%
8 Sergio Rico GK 114 0 (0) 2014-2018
100%
40 Simon Kjaer CB 46 2 (0) 2017-2019
100%
17 Wissam Ben Yedder ST 91 38 (17) 2016-2019
100%
43 Benoît Trémoulinas LB 44 0 (8) 2014-2016
88%
24 Beto GK 69 0 (0) 2012-2016
88%
23 Carlos Bacca ST 72 34 (16) 2013-2015
88%
2 Éver Banega CM 155 17 (20) 2014-2016, 2017-2020
88%
29 Frédéric Kanouté ST 54 16 (4) 2010-2012
88%
56 Geoffrey Kondogbia DM 33 1 (2) 2012-2014
88%
96 Iago Aspas ST 16 2 (1) 2014-2015
88%
6 Ivan Rakitic CM 117 25 (30) 2010-2014
88%
1 Jesús Navas RB 185 8 (37) 2010-2013, 2017-2020
88%
64 Jules Koundé RB 29 1 (1) 2019-2020
88%
57 Lucas Ocampos LW 33 14 (3) 2019-2020
88%
82 Luís Fabiano ST 21 10 (2) 2010-2011
88%
47 Stéphane Mbia DM 42 7 (4) 2013-2015
88%
18 Steven Nzonzi DM 90 6 (7) 2015-2018
88%
25 Tomáš Vaclík GK 66 0 (0) 2018-2020
88%
38 Andrés Palop GK 48 0 (0) 2010-2013
75%
123 Bono GK 6 0 (1) 2019-2020
75%
31 Clément Lenglet CB 52 3 (1) 2016-2018
75%
54 Fernando DM 34 2 (3) 2019-2020
75%
21 Gary Medel CB 78 8 (3) 2010-2013
75%
27 Grzegorz Krychowiak DM 58 2 (3) 2014-2016
75%
55 Joan Jordán CM 34 2 (2) 2019-2020
75%
33 Julien Escudé CB 52 4 (1) 2010-2012
75%
16 Kévin Gameiro ST 92 39 (10) 2013-2016
75%
53 Luuk de Jong ST 35 6 (2) 2019-2020
75%
30 Mariano RB 54 0 (5) 2015-2017
75%
19 Nicolás Pareja CB 85 2 (3) 2013-2018
75%
42 Sergi Gómez CB 45 0 (0) 2018-2020
75%
15 Sergio Escudero LB 100 2 (7) 2015-2020
75%
84 Stevan Jovetić CF 21 6 (4) 2016-2017
75%
91 Youssef En-Nesyri ST 18 4 (0) 2019-2020
75%
36 Adil Rami CB 49 0 (1) 2015-2017
63%
12 Álvaro Negredo ST 104 59 (15) 2010-2013
63%
66 André Silva ST 27 9 (2) 2018-2019
63%
115 Ciro Immobile ST 8 2 (0) 2015-2016
63%
5 Coke RB 117 9 (10) 2011-2016
63%
95 David Soria GK 16 0 (0) 2016-2018
63%
51 Diego Carlos CB 35 2 (0) 2019-2020
63%
22 Diego Perotti LW 75 4 (13) 2010-2014
63%
35 Diogo Figueiras RB 50 2 (7) 2013-2016
63%
44 Emir Spahic CB 44 1 (0) 2011-2013
63%
13 Federico Fazio CB 104 7 (1) 2010-2014, 2015-2016
63%
3 Fernando Navarro LB 143 0 (3) 2010-2015
63%
20 Gabriel Mercado CB 78 5 (5) 2016-2019
63%
36 Genaro Rodríguez DM 4 0 (0) 2017-2018
63%
8 José Antonio Caro GK 46 0 (0) 2016-2018
63%
52 Luis Muriel ST 35 8 (2) 2017-2019
63%
144 Munas Dabbur ST 2 0 (0) 2019-2020
63%
50 Munir El Haddadi RW 37 10 (3) 2018-2020
63%
75 Nemanja Gudelj DM 24 0 (0) 2019-2020
63%
14 Pablo Sarabia RW 101 27 (26) 2016-2019
63%
59 Sebastián Cristóforo CM 33 0 (1) 2013-2014, 2015-2016
63%
62 Sergio Reguilón LB 31 2 (4) 2019-2020
63%
94 Suso RW 17 1 (1) 2019-2020
63%
7 Vitolo LW 115 18 (24) 2013-2017
63%
60 Yevgen Konoplyanka LW 32 4 (6) 2015-2016
63%
41 Alberto Moreno LB 45 3 (2) 2011-2014
50%
45 Aleix Vidal RW 42 4 (7) 2014-2015, 2018-2019
50%
11 Borja Lasso AM 35 3 (11) 2016-2017
50%
148 Borja Lasso AM 1 0 (0) 2017-2018
50%
99 Bryan Gil LW 13 1 (1) 2018-2020
50%
21 Carlos Fernández ST 28 9 (2) 2016-2018
50%
106 Carlos Fernández ST 11 2 (0) 2013-2018
50%
112 Chicharito ST 9 1 (0) 2019-2020
50%
5 Curro Sánchez RW 64 5 (8) 2016-2018
50%
133 Curro Sánchez RW 4 0 (1) 2015-2016
50%
61 Denis Suárez AM 31 2 (4) 2014-2015
50%
68 Diego Capel LW 27 0 (2) 2010-2011
50%
35 Diego García AM 4 0 (1) 2017-2018
50%
116 Diego López GK 8 0 (0) 2012-2013
50%
4 Franco Vázquez AM 125 17 (12) 2016-2020
50%
92 Gerard Deulofeu ST 17 1 (6) 2014-2015
50%
135 Hiroshi Kiyotake AM 4 1 (2) 2016-2017
50%
141 Ivica Dragutinovic CB 2 0 (0) 2010-2011
50%
12 Ivi López AM 35 14 (7) 2016-2017
50%
151 Javi Díaz GK 1 0 (0) 2018-2019
50%
32 Javi Varas GK 52 0 (0) 2010-2012, 2013-2014
50%
38 Javi Vázquez LB 3 0 (0) 2017-2018
50%
39 Joaquín Correa CF 47 5 (3) 2016-2018
50%
11 José Antonio Reyes RW 109 9 (25) 2011-2016
50%
155 Luismi Sánchez DM 1 0 (0) 2014-2015
50%
28 Manu del Moral ST 56 11 (2) 2011-2013
50%
90 Marko Marin AM 18 0 (5) 2013-2014
50%
48 Martín Cáceres CB 39 2 (5) 2010-2012
50%
83 Matías Kranevitter DM 21 0 (0) 2016-2017
50%
120 Maximilian Wöber CB 7 0 (0) 2018-2019
50%
97 Miguel Layún RB 16 2 (0) 2017-2018
50%
65 Óliver Torres CM 28 3 (3) 2019-2020
50%
26 Piotr Trochowski AM 59 3 (4) 2011-2014
50%
145 Salvatore Sirigu GK 2 0 (0) 2016-2017
50%
79 Samir Nasri AM 23 2 (3) 2016-2017
50%
103 Sébastien Corchia RB 12 0 (1) 2017-2018
50%
122 Sergio Sánchez CB 7 0 (1) 2010-2011
50%
34 Timothée Kolodziejczak CB 52 1 (0) 2014-2017
50%
9 Vicente Iborra DM 113 24 (7) 2013-2017
50%
3 Álex Pozo RB, RW 70 5 (4) 2016-2018
38%
137 Álex Pozo RB, RW 3 0 (0) 2019-2020
38%
86 Antonio Luna LB 20 1 (1) 2010-2013
38%
111 Bryan Rabello AM 9 0 (0) 2012-2014
38%
67 Cicinho RB 27 1 (2) 2012-2013
38%
1 David Carmona RB 77 1 (5) 2016-2018
38%
149 David Carmona RB 1 0 (0) 2015-2016
38%
78 Fernando Llorente ST 23 4 (4) 2015-2016
38%
73 Guido Pizarro DM 24 1 (0) 2017-2018
38%
70 Hedwiges Maduro DM 26 0 (0) 2012-2013
38%
93 Ibrahim Amadou DM 17 0 (0) 2018-2019
38%
98 Johannes Geis DM 14 0 (1) 2017-2018
38%
117 Joris Gnagnon CB 7 0 (0) 2018-2019
38%
87 José Campaña CM 20 0 (3) 2011-2013
38%
124 José Carlos AM 6 0 (1) 2010-2011
38%
69 Juan Cala CB 27 2 (1) 2011-2014
38%
18 Juan Soriano GK 32 0 (0) 2016-2018
38%
136 Juan Soriano GK 4 0 (0) 2018-2019
38%
125 Lionel Carole LB 6 0 (1) 2017-2018
38%
81 Luciano Vietto ST 21 6 (4) 2016-2017
38%
142 Mariano Barbosa GK 2 0 (0) 2014-2015
38%
46 Michael Krohn-Dehli CM 42 2 (4) 2015-2018
38%
37 Nolito LW 49 7 (6) 2017-2020
38%
58 Quincy Promes LW 33 2 (4) 2018-2019
38%
131 Rony Lopes RW 5 0 (0) 2019-2020
38%
49 Roque Mesa CM 38 2 (2) 2017-2019
38%
101 Sandro Ramírez ST 13 0 (2) 2017-2018
38%
132 Walter Montoya CM 5 0 (0) 2016-2018
38%
105 Alejandro Arribas CB 11 0 (1) 2014-2015
25%
9 Álex Muñoz LB 44 3 (0) 2016-2018
25%
146 Arouna Koné ST 1 0 (0) 2010-2011
25%
16 Borja San Emeterio RB 33 0 (0) 2016-2018
25%
134 Denis Cheryshev LW 4 0 (0) 2013-2014
25%
13 Diego González CB 34 0 (0) 2016-2017
25%
128 Diego González CB 5 1 (0) 2015-2017
25%
2 Fede San Emeterio CM 77 5 (1) 2016-2018
25%
140 Gaël Kakuta AM 2 0 (0) 2015-2016
25%
89 Ganso AM 18 4 (1) 2016-2018
25%
102 Guilherme Arana LB 12 0 (0) 2017-2019
25%
150 Hiroshi Ibusuki ST 1 0 (0) 2011-2012
25%
114 Juan Muñoz ST 9 1 (1) 2014-2016
25%
118 Luis Alberto AM 7 0 (1) 2010-2012
25%
108 Marko Rog CM 10 0 (0) 2018-2019
25%
30 Miguel Martín ST 10 0 (0) 2017-2018
25%
121 Miroslav Stevanovic RM 7 0 (0) 2012-2013
25%
157 Raul Rusescu ST 1 0 (0) 2013-2014
25%
76 Renato CM 24 2 (2) 2010-2011
25%
43 Samu Pérez GK 1 0 (0) 2017-2018
25%
104 Abdoulay Konko RB 11 2 (0) 2010-2011
13%
26 Aitor Cantalapiedra AM 21 1 (2) 2017-2018
13%
88 Alberto Botía CB 18 1 (0) 2012-2013
13%
85 Alejandro Alfaro LW 20 2 (1) 2010-2011
13%
33 Alejandro Viedma CM 5 0 (0) 2017-2018
13%
80 Alexis Ruano CB 22 1 (0) 2010-2012
13%
139 Álex Rubio ST 2 0 (0) 2012-2013
13%
27 Andrés Schetino DM 20 0 (0) 2016-2017
13%
17 Antonio Cotán CM 32 4 (1) 2016-2017
13%
138 Antonio Cotán CM 3 0 (0) 2013-2014, 2015-2016
13%
40 Antonio Zarzana RW 1 0 (0) 2017-2018
13%
63 Baba ST 30 3 (0) 2011-2013
13%
10 Bernardo Cruz CB 36 1 (0) 2016-2017
13%
147 Bernardo Espinosa CB 1 0 (0) 2010-2011
13%
15 Bilal Boutobba RW 33 0 (0) 2016-2018
13%
19 Cristian Tassano CB 31 2 (0) 2016-2018
13%
127 Deivid CB 5 0 (0) 2011-2012
13%
77 Didier Zokora DM 23 0 (1) 2010-2011
13%
41 Eliseo Falcón CB 1 0 (0) 2016-2017
13%
100 Emiliano Armenteros LW 13 0 (0) 2011-2012
13%
34 Fabrice Ondoa GK 5 0 (0) 2016-2018
13%
28 Felipe Carballo CM 17 0 (1) 2017-2018
13%
31 Felipe Chacartegui LB 9 0 (0) 2017-2018
13%
14 Giorgi Aburjania CM 34 0 (1) 2016-2018
13%
129 Israel Puerto CB 5 0 (0) 2012-2014
13%
72 Jairo Samperio RW 25 4 (2) 2013-2014
13%
113 Javi Hervás CM 9 0 (0) 2012-2013
13%
42 Jorge Carrascal AM 1 0 (0) 2016-2017
13%
24 José Alonso Lara LW 22 2 (2) 2017-2018
13%
152 José Alonso Lara LW 1 0 (0) 2017-2018
13%
37 José Amo CB 4 0 (0) 2016-2018
13%
25 José Ángel Carrillo ST 22 4 (1) 2016-2017
13%
6 José Matos LB 64 1 (2) 2016-2018
13%
153 José Matos LB 1 0 (0) 2015-2016
13%
20 Juan Berrocal CB 30 0 (0) 2017-2018
13%
32 Juanje Argüez LW 6 0 (0) 2016-2018
13%
154 Julián Cuesta GK 1 0 (0) 2012-2013
13%
107 Lautaro Acosta LW 10 0 (2) 2010-2011
13%
126 Luca Cigarini DM 6 0 (0) 2010-2011
13%
7 Marc Gual ST 47 15 (6) 2016-2018
13%
119 Marco Andreolli CB 7 0 (0) 2015-2016
13%
29 Mariano Konyk CB 14 0 (0) 2017-2018
13%
109 Maxime Gonalons DM 10 0 (0) 2018-2019
13%
22 Miguel Olavide RW 25 0 (0) 2017-2018
13%
156 Modesto RB 1 0 (0) 2013-2014
13%
143 Moi Delgado LB 2 0 (0) 2013-2014
13%
74 Mouhamadou Dabo RB 24 0 (1) 2010-2011
13%
39 Pejiño RW 2 0 (0) 2017-2018
13%
23 Pepe Mena AM 23 2 (0) 2017-2018
13%
130 Rodri Ríos ST 5 0 (1) 2010-2011
13%
71 Romaric DM 26 1 (3) 2010-2011
13%
110 Tiberio Guarente CM 10 0 (1) 2010-2012
13%
4 Yan Eteki DM 68 1 (0) 2016-2018
13%
No matching quizzes found
Score Distribution
Percent of People with Each Score
Percentile by Number Answered
Your Score History
You have not taken this quiz